00765pam a2200229 a 45000010008000000030004000080050017000120080041000290100017000700200018000870400018001050420009001230500021001321000017001532450029001702600039001993000024002385620063002626500021003258560085003468560104004311559450OSt20160331144902.0920403s1993 mau j 000 1 eng  a 92015034  a9780440237686 aDLCcDLCdDLC alcac00aPZ 7b.L967 19931 aLowry, Lois.14aThe giver /cLois Lowry. aBoston :bHoughton Mifflin,c1993. a180 pages ;c22 cm. eFor circulation. Four copies available in the collection.  1aScience fiction.423Publisher descriptionuhttp://www.loc.gov/catdir/description/hm021/92015034.html423Contributor biographical informationuhttp://www.loc.gov/catdir/enhancements/fy0736/92015034-b.html